| 000 | 00451nam a2200169 i 4500 | ||
|---|---|---|---|
| 001 | 42680 | ||
| 003 | ES-MaACL | ||
| 005 | 20230906160647.0 | ||
| 007 | t| | ||
| 008 | 030313s1978 sp ||||1| spa d | ||
| 100 | 1 |
_aCerdá, Enrique. _937450 |
|
| 245 | 1 | 4 |
_aUna psicología de hoy / _cEnrique Cerdá. |
| 250 | _a10ª ed. | ||
| 260 |
_aBarcelona : _bHerder, _c1978. |
||
| 300 |
_aXVI, 709 p. : _bil. ; _c24 cm. |
||
| 852 |
_aES-MaACL _jA-7748 _bR.96990 |
||
| 999 |
_c42680 _d42680 |
||